000 00322nam a2200133Ia 4500
008 151001s9999||||xx |||||||||||||| ||und||
100 _aमृणालिनी पोतनीस
245 _aमानस
250 _a1
260 _bजिद्द
260 _c2009
300 _a120
365 _b21
999 _c997021
_d997018